| 000 | 00725cam a22002531 4500 | ||
|---|---|---|---|
| 999 |
_c9021 _d9021 |
||
| 001 | 6514144 | ||
| 003 | GZU | ||
| 005 | 20210527125553.0 | ||
| 008 | 730103s1955 nyua 000 0 eng | ||
| 010 | _a 54012675 | ||
| 015 | _aGB55-14831 | ||
| 035 | _a(OCoLC)527931 | ||
| 040 |
_aDLC _cODaWU _dOCoLC _dPPAN _dUk _dDLC |
||
| 042 | _apremarc | ||
| 050 | 0 | 0 |
_aQA371 _b.FOR 1955 |
| 100 | 1 |
_aFord, Lester R., _d1886- _eauthor |
|
| 245 | 1 | 0 |
_aDifferential equations / _cLester R. Ford |
| 250 | _a2d ed. | ||
| 260 |
_aNew York, _bMcGraw-Hill, _c1955. |
||
| 300 |
_a291 p. _billus. _c24 cm. |
||
| 650 | 0 | _aDifferential equations. | |
| 906 |
_a7 _bcbc _coclcrpl _du _encip _f19 _gy-gencatlg |
||
| 942 |
_2lcc _cBK _e2nd edition _h371 _iFOR _kQA |
||